| 000 | 00459nab a2200145Ia 4500 | ||
|---|---|---|---|
| 003 | ES-SlBCS | ||
| 005 | 20210601125508.0 | ||
| 008 | 140529s2004 xxu||||| |||| 00| 0 eng d | ||
| 041 | _aeng | ||
| 100 | 1 |
_aGilead, Amihud _9142304 |
|
| 245 | 0 | 0 |
_aPhilosophical Blindness: Between Arguments and Insight _c Amihud Gilead |
| 650 | 0 | 4 |
_aCeguera Filosófica _9159306 |
| 773 | 0 |
_tReview of Methaphysics _gvol. 58/1, nº. 229, 2004, págs. 147-170 _wRev843 |
|
| 942 | _cAR | ||
| 999 |
_c531248 _d531248 |
||